zpět

Detail výsledku týmu

Klub Tyjátr, Svitavy

Datum a čas kvízu

28.5 Celkem bodů Celkový počet nahraných bodů na tomto kvízu bez doplňovacích otázek.
5. Pořadí na kvízu Konečné umístění týmu na tomto kvízu.

Zaznamenané odpovědi

# Otázka Odpověď Body Výsledky
1. Na kterém českém hradě skončil... na Karlštejně 0
2. Minulý týden vyšla zpráva o to... D) papoušky 1
3. Minulý týden byly rozděleny pr... Patrik Banga 0
4. Japonská společnost Sega oznám... Angry Birds 0
5. Dostat rychlý gól na začátku z... Newcastle, Tottenham 0.5
6. O slovanských bozích a mýtech... Vesna 0
7. Níže zobrazený český lékař a b... Jan Evangelista Purkyně, Živa 0.5
8. Známou mýtickou bytostí slovan... třikrát 0
9. Seřaďte tyto slovanské svátky... 1A 2C 3D 4B 0
10. Ve fantasy románu Američtí ___... Američtí bohové, Neil Gaiman 0.5